000 00863nam a22001937a 4500
003 OSt
005 20251207155017.0
008 251207b |||||||| |||| 00| 0 eng d
040 _cDCL
082 _a၂၉၄.၃၈၂၃၁၁
100 0 _aဇနကာဘိဝံသ၊
_cအရှင်
245 1 0 _aသီလက္ခန်ဘာသာဋီကာ၊
_nစတုတ္ထအုပ် /
_cအရှင်ဇနကာဘိဝံသ။
250 _aပဥ္စမအကြိမ်။
264 _aအမရပူရ ၊
_bမဟာဂန္ဓာရုံစာပေ၊
_c၂၀၀၂။
300 _aစ၊ ၄၆၄ စာမျက်နှာ ၊
_c၂၄ စင်တီ။
500 _aအမှတ်(၂၉) ကျမ်းစာ။
650 _aသီလက္ခန်
_vဘာသာဋီကာ
942 _2ddc
_cSHORT TERM
_n0
999 _c2676
_d2676